000
00483nam a2200181Ia 4500
008
090123s9999 xx 000 0 und d
082
_b
35376
100
_a
राजे शैलजा
245
_a
रिंगण
250
_a
0
260
_b
मनोरमा प्रकाशन
_c
2003
300
_a
148
600
_a
राजे शैलजा
630
_a
रिंगण
700
_a
राजे शैलजा
730
_a
रिंगण
942
_c
BOOK
999
_c
73435
_d
73435